Statistiques concernant Petit Bac: Les Pokémon de Type Roche

Cliquez ici pour prendre le quiz!

Statistiques générales

  • Ce quiz a été pris 175 fois
    (81 depuis la dernière actualisation)
  • Le résultat moyen est 14 sur 21

Statistiques - réponses

LettrePokémon% Correct
GGalegon / Galekid / Galeking / Géolithe / Germéclat / Gigalithe / Gigansel / Golgopathe / Gravalanch / Grolem
98%
RRacaillou / Regirock / Relicanth / Rexillius / Rhinastoc / Rhinocorne / Rhinoféros / Roc-de-Fer / Rocabot
98%
OOgepon / Onix / Opermine
88%
AAéroptéryx / Amonita / Ama-Ama / Amagara / Amassel / Amonistar / Anorith / Arcanin / Arkéapti / Armaldo
82%
CCaninos / Carapagos / Caratroc / Charbi / Charkos / Corayon / Crabaraque / Crabicoque / Craparoi
79%
TTarinor / Tarinorme / Terrakium / Torgamord / Tyranocif
74%
DDiancie / Dinoclier / Dolman / Dragmara
71%
LLilia / Lougaroc
71%
KKabuto / Kabutops / Kranidos
70%
PPtéra / Ptyranidur
68%
SSéléroc / Selutin / Séracrawl / Simularbre / Solaroc / Strassie
68%
VVacilys / Volcaropod
65%
WWagomine
61%
MManzaï / Mégapagos / Météno / Monthracite
56%
BBastiodon
55%
NNodulithe
55%
EEmbrylex / Epine-de-Fer
53%
YYmphect
52%
ZZéroïd
39%
HHachécateur
32%
FFloréclat
27%

Distribution des résultats

Percentile par nombre de réponses

% des personnes avec chaque résultat

Votre développement - résultats

Vous n’avez pas pris ce quiz depuis la dernière actualisation